[Event "Lone Pine"]
[Site "Lone Pine"]
[Date "1976.??.??"]
[Round "1"]
[White "Miles, Anthony J"]
[Black "Seirawan, Yasser"]
[Result "1-0"]
[WhiteElo "2510"]
[BlackElo "2200"]

1.Nf3 g6 2.e4 Bg7 3.d4 d6 4.Nc3 Nf6 5.Be2 O-O 6.O-O Nc6 7.d5 Nb8 8.Re1 c6
9.a4 cxd5 10.exd5 Bg4 11.a5 Bxf3 12.Bxf3 a6 13.Be3 Nbd7 14.Na4 Rc8 15.Nb6 Nxb6
16.Bxb6 Qe8 17.Bd4 Nd7 18.Bxg7 Kxg7 19.Bg4 Rc7 20.Qd4+ Kg8 21.c4 Ne5 22.Be2 Qd7
23.b3 Qf5 24.f4 Nd7 25.g4 Qf6 26.Qxf6 Nxf6 27.g5 Ne8 28.Bg4 h5 29.Bh3 Ng7
30.Re3 Rb8 31.Kf2 b5 32.axb6 Rxb6 33.Ra3 Ra7 34.Ke2 a5 35.Kd2 f6 36.Kc3 Kf7
37.Re1 Rb8 38.Rea1 Rba8 39.Re1 Kg8 40.Kd3 Rf8 41.b4 fxg5 42.fxg5 Rf2 43.Re2 Rf3+
44.Re3 Rf2 45.Rxa5 Rxa5 46.bxa5 Ra2 47.Bc8 Ra3+ 48.Kd4 Rxa5 49.Rxe7 Ra2 50.Be6+ Kh7
51.Rd7 Rxh2 52.Rxd6 h4 53.Ra6 Rg2 54.c5 Nxe6+ 55.Rxe6 h3 56.Re3 h2 57.Rh3+ Kg7
58.c6 Kf8 59.c7 Rc2 60.d6  1-0

[Event "Lone Pine"]
[Site "Lone Pine"]
[Date "1976.??.??"]
[Round "2"]
[White "Seirawan, Yasser"]
[Black "Meyers, SJ."]
[Result "1/2-1/2"]
[WhiteElo "2200"]
[BlackElo "2200"]

1.c4 c5 2.Nc3 Nf6 3.g3 Nc6 4.Bg2 g6 5.Rb1 Bg7 6.a3 a5 7.Nf3 O-O 8.O-O d6
9.d3 Rb8 10.Ne1 Ne8 11.Nc2 Nc7 12.Bd2 Bd7 13.b4 axb4 14.axb4 Nxb4 15.Nxb4 cxb4
16.Rxb4 b5 17.cxb5 Nxb5 18.Ne4 Nd4 19.e3 Rxb4 20.Bxb4 Nc6 21.Bc3 Bxc3 22.Nxc3 Nb4
23.d4 Qc7 24.Qd2 Rc8 25.Rc1 Qa7 26.h4 h5 27.Kh2 Qa6 28.Bf1 Qa3 29.Bg2 Qa6
30.Rb1 Qd3 31.Qxd3 Nxd3 32.Nd5 Kf8 33.Nb6 Rd8 34.f3 e5 35.Bf1 e4 36.Bxd3 exd3
37.Nxd7+ Rxd7 38.Rd1 Ra7 39.Rxd3 Ra2+ 40.Kh3 Rf2 41.e4 Ke7 42.g4 hxg4+ 43.Kxg4 Rf1
44.Rb3 Rg1+ 45.Kf4 Rf1 46.Rb7+ Ke8 47.d5 Rf2 48.Rb1 Ke7 49.Rh1 Ra2 50.h5 gxh5
51.Rxh5 Ra5 52.Rh8 Ra3 53.Rc8 Rd3 54.Rc7+ Ke8 55.Rb7 Ra3 56.Kg4 Re3 57.Rc7 Re1
58.Kf5 Rh1 59.f4 Rh5+ 60.Kf6 Rh6+ 61.Kg5 Rh7 62.Rc6 Kd7 63.Ra6 Ke7 64.e5 dxe5
65.fxe5 Rh1 66.Ra7+ Ke8 67.Kf5 Re1 68.Kf4 Re2 69.Ra3 Ke7 70.Rh3 Re1 71.Kf5 Rf1+
72.Ke4 Re1+ 73.Kd4 Rd1+ 74.Rd3 Re1 75.Rb3 Rd1+ 76.Ke4 Re1+ 77.Kf4 Rf1+ 78.Kg3 Rg1+
79.Kf4 Rf1+ 80.Rf3 Rg1 81.Kf5 Rh1 82.d6+ Ke8 83.Rf4 Rg1 84.Rc4 Rf1+ 85.Kg4 Rg1+
86.Kf3 Rf1+ 87.Ke2 Rf5 88.Rc8+ Kd7 89.Rc7+ Kd8 90.Re7 Rf4 91.Ke3 Rf1 92.Ke4 Rf2
93.Rb7 Rf1 94.Rb3 Kd7 95.Rf3 Rxf3 96.Kxf3 f6 97.exf6 Kxd6 98.Kf4 Ke6 99.Kg5 Kf7
100.Kf5 Kf8  1/2-1/2

[Event "Lone Pine"]
[Site "Lone Pine"]
[Date "1976.??.??"]
[Round "3"]
[White "Street, Frank"]
[Black "Seirawan, Yasser"]
[Result "1/2-1/2"]
[WhiteElo "2200"]
[BlackElo "2200"]

1.d4 g6 2.e4 Bg7 3.c4 d6 4.Nc3 e5 5.Nge2 Nc6 6.Be3 Nh6 7.f3 f5 8.Qd2 Nf7
9.g3 O-O 10.d5 Ne7 11.c5 b6 12.c6 f4 13.gxf4 exf4 14.Nxf4 Ne5 15.Be2 h6 16.O-O-O a6
17.Rdg1 Kh7 18.Rg3 b5 19.Rhg1 b4 20.Nd1 a5 21.Nh5 Bh8 22.Bxh6 gxh5 23.Bg7 Rf6
24.Bxf6 Bxf6 25.f4 Ng4  1/2-1/2

[Event "Lone Pine"]
[Site "Lone Pine"]
[Date "1976.??.??"]
[Round "4"]
[White "Seirawan, Yasser"]
[Black "Berry, Jonathan"]
[Result "0-1"]
[WhiteElo "2200"]
[BlackElo "2330"]

1.Nf3 Nf6 2.g3 b5 3.Bg2 Bb7 4.O-O e6 5.d3 Be7 6.e4 d6 7.c3 Nbd7 8.Nbd2 c5
9.Qe2 O-O 10.Rd1 a6 11.d4 cxd4 12.Nxd4 Qc7 13.a4 bxa4 14.Rxa4 Rfe8 15.Ra1 Bf8
16.N2b3 e5 17.Nc2 a5 18.Na3 a4 19.Nd2 d5 20.exd5 Bxd5 21.Bxd5 Nxd5 22.Ne4 N7b6
23.c4 Nb4 24.Be3 Re6 25.Rdc1 h6 26.Nb5 Qc6 27.Bxb6 Qxb6 28.Nec3 Rf6 29.Nxa4 Rxa4
30.Rxa4 Rxf2 31.Qxf2 Bc5 32.Rxb4 Bxf2+ 33.Kg2 Be3 34.Rf1 Qb7+ 35.Rf3 Bd2
36.Ra4 e4 37.Rf5 e3+ 38.Kf1 Qh1+ 39.Ke2 Qe1+  0-1

[Event "Lone Pine"]
[Site "Lone Pine"]
[Date "1976.??.??"]
[Round "5"]
[White "De Firmian, Nick E"]
[Black "Seirawan, Yasser"]
[Result "1/2-1/2"]
[WhiteElo "2200"]
[BlackElo "2200"]

1.d4 d6 2.Nf3 g6 3.c4 Bg7 4.g3 e5 5.Nc3 Nc6 6.d5 Nce7 7.Bg2 h6 8.O-O f5 9.e4 Nf6
10.Ne1 O-O 11.Nd3 fxe4 12.Nxe4 g5 13.Qe2 Bf5 14.Bd2 Qd7 15.Bc3 Bg4 16.f3 Nxe4
17.Qxe4 Bf5 18.Qe2 b5 19.Nb4 a5 20.Nc6 Nxc6 21.dxc6 Qxc6 22.cxb5 Qb6+ 23.Kh1 Rae8
24.Rad1 a4 25.Qc4+ Be6 26.Qxa4 Ra8 27.Qe4 Bxa2 28.f4  1/2-1/2

[Event "Lone Pine"]
[Site "Lone Pine"]
[Date "1976.??.??"]
[Round "7"]
[White "Seirawan, Yasser"]
[Black "Barnes, Craig N"]
[Result "0-1"]
[WhiteElo "2200"]
[BlackElo "2280"]

1.c4 g6 2.Nc3 Bg7 3.g3 Nc6 4.Bg2 e5 5.Rb1 a5 6.a3 f5 7.d3 Nf6 8.Nf3 O-O 9.O-O d6
10.b4 axb4 11.axb4 Nh5 12.b5 Ne7 13.Nd2 Kh8 14.Bb2 Qe8 15.Ra1 Rb8 16.Ra7 g5
17.Qa1 Nf6 18.Qa5 b6 19.Qa1 Qd8 20.Na2 Bd7 21.Nb4 Nc8 22.Ra3 Ne7 23.Bc3 Qe8
24.Ra7 Rc8 25.Qd1 f4 26.Ne4 Nxe4 27.Bxe4 Qh5 28.e3 f3 29.Kh1 Rf6 30.Rg1 Qxh2+  0-1

[Event "US-op"]
[Site "Columbus"]
[Date "1977.??.??"]
[Round "?"]
[White "Farooqui, Zahiruddin"]
[Black "Seirawan, Yasser"]
[Result "0-1"]
[WhiteElo "2325"]
[BlackElo "2400"]

1.e4 e6 2.d4 d5 3.e5 c5 4.c3 Qb6 5.Nf3 Bd7 6.a3 Bb5 7.Be2 Qa6 8.Be3 Bxe2
9.Qxe2 Qxe2+ 10.Kxe2 c4 11.Nbd2 Nc6 12.b3 cxb3 13.Nxb3 Nge7 14.Rhb1 Rc8 15.Bd2 Nb8
16.a4 Nd7 17.a5 a6 18.Ne1 Nc6 19.Nd3 h5 20.Nbc1 Rc7 21.Nb2 Be7 22.Kd3 Ndb8
23.Ne2 Na7 24.c4 dxc4+ 25.Nxc4 Nbc6 26.Nb6 Nb5 27.Rc1 O-O 28.Ke4 Bd8 29.f4 Re7
30.d5 exd5+ 31.Nxd5 Rd7 32.Be1 f5+ 33.exf6 Re8+ 34.Ne7+ Bxe7 35.fxe7 Rdxe7+
36.Kf3 Rxe2 37.Bf2 Nbd4+ 38.Bxd4 Nxd4+  0-1

[Event "Lone Pine"]
[Site "Lone Pine"]
[Date "1977.??.??"]
[Round "2"]
[White "Seirawan, Yasser"]
[Black "Reshevsky, Samuel Herman"]
[Result "1/2-1/2"]
[WhiteElo "2250"]
[BlackElo "2490"]

1.c4 Nf6 2.Nc3 e6 3.Nf3 b6 4.g3 Bb7 5.Bg2 Be7 6.O-O O-O 7.d4 Ne4 8.Qc2 Nxc3
9.Qxc3 c5 10.dxc5 bxc5 11.Rd1 d6 12.b3 Bf6 13.Qc2 Nc6 14.Bb2 Bxb2 15.Qxb2 Qe7
16.Qd2 Rfd8 17.Qg5 Kf8 18.Qh5 h6 19.Rd2 Rd7  1/2-1/2

[Event "Lone Pine"]
[Site "Lone Pine"]
[Date "1977.??.??"]
[Round "3"]
[White "Seirawan, Yasser"]
[Black "Shamkovich, Leonid"]
[Result "1/2-1/2"]
[WhiteElo "2250"]
[BlackElo "2485"]

1.c4 g6 2.Nc3 Bg7 3.g3 c5 4.Bg2 Nc6 5.Rb1 d6 6.a3 a5 7.Nf3 f5 8.O-O e5 9.d3 Nf6
10.Ne1 O-O 11.Nc2 Nd4 12.b4 axb4 13.axb4 f4 14.bxc5 dxc5 15.Nxd4 cxd4 16.Nd5 Nxd5
17.Bxd5+ Kh8 18.Bd2 Qd7 19.Qb3 Qc7 20.Qb6 Qxb6 21.Rxb6 Ra2 22.Rd1 Rf6 23.Rbb1 Ra7
24.Rb2 fxg3 25.hxg3 Rfa6 26.Rdb1 Ra2 27.Bb4 h5 28.Bc5 Rxb2 29.Rxb2 Ra5 30.Bd6 Ra7
31.Be4 Kh7 32.Bb8 Ra8 33.Bc7 Bf6 34.Rb5 Bf5 35.Bxf5 gxf5 36.Bxe5 Kg6 37.Rb6 Ra6
38.Rxf6+ Rxf6 39.Bxf6 Kxf6 40.f4 Ke6 41.Kf2 Kd6 42.e3 Kc5 43.Kf3 dxe3 44.Kxe3 b6
45.Ke2 Kb4 46.Kd2 Kb3 47.Ke2 Kb4 48.Kf2 Kb3 49.Ke1 Kc3 50.Ke2  1/2-1/2

[Event "Lone Pine"]
[Site "Lone Pine"]
[Date "1977.??.??"]
[Round "4"]
[White "Szabo, Laszlo"]
[Black "Seirawan, Yasser"]
[Result "1/2-1/2"]
[WhiteElo "2530"]
[BlackElo "2250"]

1.e4 e6 2.d4 d5 3.Nc3 Bb4 4.e5 Qd7 5.Ne2 f6 6.a3 Bxc3+ 7.Nxc3 fxe5 8.Qh5+ Qf7
9.Qxe5 c6 10.Be2 Nd7 11.Qg3 Ne7 12.Bd3 O-O 13.O-O Nf5 14.Qf4 Qf6 15.Bxf5 Qxf5
16.Qxf5 Rxf5 17.Re1 Nb6 18.a4 a5 19.b3 Bd7 20.Ba3 Rf6 21.Be7 Rf7 22.Bc5 Nc8
23.Nd1 Ne7 24.Nb2 Ng6 25.Nd3 Bc8 26.g3 Bd7 27.h4 h5 28.Re3 Bc8 29.Rae1 Kh7
30.Kg2 Kh6 31.f3 Kh7 32.Nf2 Kg8 33.Nh3 Bd7 34.Ng5 Rf6 35.Nxe6 Bxe6 36.Rxe6 Rxe6
37.Rxe6 Kf7 38.Re3 Kf6 39.Kh3 Rh8 40.Bd6 Rd8 41.Bc7 Ra8 42.Bd6 Rd8 43.Bc5 Rh8
44.Kg2 Rb8 45.Bb6 Ra8 46.Bc7 Nf8 47.Be5+ Kf7 48.g4 g6 49.c4 Ne6 50.f4 hxg4
51.Kg3 dxc4 52.bxc4 Rd8 53.Rb3 Rd7 54.Kxg4 Nxd4 55.Rd3 c5 56.Bxd4 cxd4 57.Kf3 Kf6
58.Ke4 Re7+ 59.Kxd4 Kf5 60.Kc5 Rh7 61.Rd5+ Kf6 62.Kb6 Rxh4 63.Rd4 Ke7 64.c5 g5
65.Re4+ Kf7 66.Re5 Rxf4 67.Rxg5 Rxa4 68.Kxb7 Rb4+ 69.Kc7 Rc4 70.c6 a4 71.Kd7 Rd4+
72.Kc8 Ke7 73.c7 a3 74.Rg7+ Ke6 75.Kb7 Rb4+ 76.Kc6 Rc4+ 77.Kb7 a2 78.Rg1 Rc3
79.Ra1 Kd7  1/2-1/2

[Event "Lone Pine"]
[Site "Lone Pine"]
[Date "1977.??.??"]
[Round "6"]
[White "Seirawan, Yasser"]
[Black "Tarjan, James Edward"]
[Result "1/2-1/2"]
[WhiteElo "2250"]
[BlackElo "2495"]

1.c4 c5 2.Nc3 g6 3.g3 Bg7 4.Bg2 Nc6 5.a3 a6 6.Rb1 Rb8 7.Qa4 d6 8.Bxc6+ bxc6
9.Qxc6+ Bd7 10.Qg2 Bxc3 11.dxc3 Nf6 12.Nf3 Bf5 13.Ra1 Qd7 14.Nd2 O-O 15.f3 a5
16.e4 Be6 17.Qe2 a4 18.Nf1 Bh3 19.Ne3 Rfe8 20.Kf2 Qb7 21.Rd1  1/2-1/2

[Event "Lone Pine"]
[Site "Lone Pine"]
[Date "1977.??.??"]
[Round "7"]
[White "Seirawan, Yasser"]
[Black "Frey, Kenneth"]
[Result "1-0"]
[WhiteElo "2250"]
[BlackElo "2390"]

1.c4 e6 2.Nc3 d5 3.cxd5 exd5 4.d4 c6 5.Nf3 Bf5 6.Qb3 Qb6 7.Na4 Qxb3 8.axb3 Nd7
9.Bd2 Bc2 10.b4 Bxa4 11.Rxa4 Ngf6 12.e3 a6 13.Bd3 Bd6 14.Bc3 O-O 15.Nd2 Rfe8
16.Nb3 Nb6 17.Ra1 Bf8 18.Nc5 Rab8 19.O-O Ne4 20.Rae1 Nd6 21.Re2 Na8 22.f3 Nc7
23.Be1 Ndb5 24.Bg3 Bd6 25.Kf2 Re7 26.Rh1 Bxg3+ 27.hxg3 g6 28.g4 Nd6 29.g5 Ne6
30.f4 Rbe8 31.Rh3 Nxc5 32.bxc5 Ne4+ 33.Bxe4 Rxe4 34.Re1 Kg7 35.g4 Rh8 36.Reh1 Ree8
37.f5 gxf5 38.gxf5 f6 39.gxf6+ Kxf6 40.Rxh7 Rxh7 41.Rxh7 Rb8 42.Rh5 b6 43.b4 bxc5
44.bxc5 a5 45.Kf3 a4 46.Kf4 Ra8 47.Rh6+ Kf7 48.Ke5 Ra6 49.Rh7+ Kg8 50.Rh1 Kf7
51.Kd6 Kf6 52.Kc7 Kxf5 53.Kb7 Ra5 54.Kxc6 Ke4 55.Kb6 Ra8 56.Re1 a3 57.c6 a2
58.c7 Kd3 59.Ra1 Kxe3 60.Rxa2 Rxa2 61.c8=Q Rb2+ 62.Ka5 Rd2 63.Qc1 Kd3 64.Kb4 Rc2
65.Qxc2+  1-0

[Event "Lone Pine"]
[Site "Lone Pine"]
[Date "1977.??.??"]
[Round "8"]
[White "Weinstein, Norman"]
[Black "Seirawan, Yasser"]
[Result "1-0"]
[WhiteElo "2475"]
[BlackElo "2250"]

1.e4 e6 2.d4 d5 3.Nd2 dxe4 4.Nxe4 Nd7 5.Nf3 Be7 6.Bd3 Ngf6 7.Qe2 Nxe4 8.Qxe4 Nf6
9.Qe2 O-O 10.Bg5 c5 11.dxc5 Qa5+ 12.c3 Qxc5 13.O-O Bd7 14.Bxf6 Bxf6 15.Bxh7+ Kxh7
16.Qd3+ Kg8 17.Qxd7 Qb6 18.Qd2 Rfd8 19.Qe2 Rd5 20.Rad1 Rad8 21.Rxd5 Rxd5
22.c4 Ra5 23.b3 Qd6 24.Rc1 Qf4 25.Rd1 b6 26.a4 Rf5 27.Qe3 Qc7 28.Qd3 g5 29.h3 Kg7
30.Nh2 Be7 31.Qd4+ e5 32.Qd7 Qxd7 33.Rxd7 Bc5 34.Ng4 a5 35.Kf1 Kg6 36.Ke2 f6
37.Ne3 Rf4 38.g3 Rd4 39.Rxd4 Bxd4 40.g4 Kf7 41.Kd3 Ke6 42.Ke4 Bc5 43.f3 Bd4
44.Nc2 Bc5 45.Ne1 Bb4 46.Ng2 Bc5 47.h4 gxh4 48.Nxh4 Bf2 49.Nf5 Bg1 50.Ne3 Bf2
51.Nd5 Bg1 52.f4 exf4 53.Nxf4+ Kf7 54.Kd5 Be3 55.Ng2 Bg1 56.Kc6 Kg6 57.Nf4+ Kh6
58.Kb5 Bd4 59.Nd5 Kg5 60.Nxb6 Kxg4 61.Nd5 Kf5 62.Kxa5 Ke6 63.Ka6 Kd6 64.Kb7 f5
65.a5 f4 66.Nxf4  1-0

[Event "Lone Pine"]
[Site "Lone Pine"]
[Date "1977.??.??"]
[Round "9"]
[White "Seirawan, Yasser"]
[Black "Grefe, John A"]
[Result "1/2-1/2"]
[WhiteElo "2250"]
[BlackElo "2425"]

1.c4 c5 2.Nc3 b6 3.Nf3 Bb7 4.g3 Bxf3 5.exf3 Nc6 6.Bg2 g6 7.O-O Bg7 8.d3 Nh6
9.Qa4 Nf5 10.f4 O-O 11.Rd1 Qc7 12.Bd2 e6 13.a3 a6 14.b4 Nfd4 15.Rdb1  1/2-1/2

[Event "Golden Gate op"]
[Site "San Francisco"]
[Date "1977.??.??"]
[Round "?"]
[White "Seirawan, Yasser"]
[Black "Christiansen, Larry Mark"]
[Result "1/2-1/2"]
[WhiteElo "2400"]
[BlackElo "2460"]

1.c4 Nf6 2.Nc3 e5 3.Nf3 Nc6 4.d3 d5 5.cxd5 Nxd5 6.g3 Be7 7.Bg2 Nb6 8.Be3 O-O
9.O-O Bg4 10.a4 a5 11.Rc1 Re8 12.Nb5 Bf8 13.Nd2 Rc8 14.Ne4 Nd4 15.Nxd4 exd4
16.Bd2 Qd7 17.Ra1 Bh3 18.Qb3 Bxg2 19.Kxg2 Re5 20.f4 Rh5 21.Rf2 Nd5 22.Qxb7 Re8
23.Kg1 Re6 24.Qa7 Nb6 25.Bxa5 Nxa4 26.Qxc7 Qb5 27.Bd2 Rc6 28.Qa7 Nc5 29.b4 Nb3
30.Rb1 Ra6 31.Qc7 Rc6 32.Qa7 Ra6  1/2-1/2

[Event "Golden Gate op"]
[Site "San Francisco"]
[Date "1977.??.??"]
[Round "?"]
[White "Biyiasas, Peter"]
[Black "Seirawan, Yasser"]
[Result "1/2-1/2"]
[WhiteElo "2435"]
[BlackElo "2400"]

1.c4 c5 2.Nc3 Nc6 3.g3 g6 4.Bg2 Bg7 5.Nf3 d6 6.O-O a6 7.b3 Nh6 8.Bb2 O-O
9.d3 Nf5 10.Qd2 Qa5 11.Rfd1 Rb8 12.e3 b5 13.Nh4 Nxh4 14.Bxc6 Bd7  1/2-1/2

[Event "Golden Gate op"]
[Site "San Francisco"]
[Date "1977.??.??"]
[Round "?"]
[White "Seirawan, Yasser"]
[Black "Browne, Walter S"]
[Result "0-1"]
[WhiteElo "2400"]
[BlackElo "2550"]

1.c4 e5 2.Nc3 Nc6 3.g3 g6 4.Bg2 Bg7 5.Nf3 f5 6.d3 Nf6 7.Bg5 h6 8.Bxf6 Bxf6
9.O-O O-O 10.Rb1 Bg7 11.Nd2 d6 12.b4 a6 13.a4 e4 14.Nd5 exd3 15.exd3 Ne7
16.b5 axb5 17.axb5 Kh7 18.Nb3 Ra2 19.Nc1 Ra3 20.Ne2 Nxd5 21.Bxd5 g5 22.Rb3 Rxb3
23.Qxb3 Qe8 24.Re1 f4 25.d4 f3 26.Bxf3 Kh8 27.h3 Bxh3 28.c5 Bxd4 29.Qd1 Be5
30.Bxb7 Qxb5 31.Be4 Qxc5 32.Nf4 gxf4 33.Qh5 Bg7 34.Qxh3 Qe5 35.Re2 Qg5 36.g4 d5
37.Bg2 c5 38.Re6 c4 39.Rd6 d4 40.Rd5 Qg6 41.Qh4 c3 42.Qe7 c2 43.Rc5 d3 44.Qd7 Qg5
45.Rc7 Rd8 46.Rc8 c1=Q+  0-1

[Event "Wch U20"]
[Site "Graz"]
[Date "1978.??.??"]
[Round "1"]
[White "Bergmans, Norbert"]
[Black "Seirawan, Yasser"]
[Result "0-1"]
[WhiteElo "2200"]
[BlackElo "2400"]

1.Nf3 Nf6 2.g3 b6 3.Bg2 Bb7 4.O-O e6 5.d3 d5 6.Nbd2 c5 7.Re1 Be7 8.c3 O-O
9.d4 Nbd7 10.c4 dxc4 11.Nxc4 b5 12.Nce5 Nxe5 13.dxe5 Nd5 14.h4 Qc7 15.a3 Rfd8
16.Qc2 h6 17.Qe4 Rd7 18.Qg4 Kf8 19.Qh5 Ke8 20.Nd2 Bf8 21.e4 Nb6 22.f4 Rad8
23.Qe2 Rd3 24.Nf1 Nc4 25.Rb1 Qd7 26.b3 Na5 27.Qc2 c4 28.b4 Nb3 29.Be3 Nd4
30.Qa2 a5 31.Red1 Rxd1 32.Rxd1 Ne2+  0-1

[Event "Wch U20"]
[Site "Graz"]
[Date "1978.??.??"]
[Round "2"]
[White "Seirawan, Yasser"]
[Black "West, Guy"]
[Result "1-0"]
[WhiteElo "2400"]
[BlackElo "2200"]

1.c4 e6 2.Nc3 d5 3.cxd5 exd5 4.d4 c6 5.Qc2 Bd6 6.Nf3 h6 7.g3 Nf6 8.Bf4 O-O
9.e3 Re8 10.Bd3 Bf8 11.h3 Nh5 12.Be5 Nd7 13.g4 Nhf6 14.O-O-O Nxe5 15.Nxe5 Be6
16.f4 Nd7 17.Bh7+ Kh8 18.f5 Nxe5 19.fxe6 Rxe6 20.Bf5 Nc4 21.Bxe6 Nxe3 22.Qf2 Nxd1
23.Qxf7 Bb4 24.Nxd1 Qg5+ 25.Kb1 Rf8 26.Qxb7 a5 27.a3 Qf4 28.Bf5 Rxf5 29.axb4 Rf7
30.Qc8+ Rf8 31.Qe6 Qf3 32.Qe1 axb4 33.Kc1 Ra8 34.Kd2 c5 35.dxc5 d4 36.Rf1 Qd5
37.Rf5 Qb3 38.Qe4 Rd8 39.Qf3 Qg8 40.g5 b3 41.Rf7  1-0

[Event "Wch U20"]
[Site "Graz"]
[Date "1978.??.??"]
[Round "3"]
[White "Bjork, Carl Magnus"]
[Black "Seirawan, Yasser"]
[Result "1/2-1/2"]
[WhiteElo "2200"]
[BlackElo "2400"]

1.e4 e6 2.d4 d5 3.Nc3 Bb4 4.e5 Qd7 5.a3 Bf8 6.Be3 b6 7.h4 h5 8.b4 c6 9.g3 Ba6
10.Bh3 Bc4 11.Nce2 a5 12.c3 Qa7 13.Rc1 Ne7 14.Nf3 Qa6 15.Nd2 Bb5 16.Nf4 axb4
17.axb4 g6 18.f3 Qb7 19.Ra1 Na6 20.Kf2 Kd7 21.Qb3 Bh6 22.Ng2 Bg7 23.Bg5 Nc7
24.Nf4 Ra6 25.Qb2 Rha8 26.Nb3 Bc4 27.Rxa6 Rxa6 28.Ra1 Rxa1 29.Nxa1 Qa7 30.Nc2 Nb5
31.Ng2 Qa4 32.Bd2 c5 33.bxc5 bxc5 34.Nge3 Nc6 35.Nxc4 dxc4 36.Bf1 Bf8 37.Ne3 Na5
38.d5 exd5  1/2-1/2

[Event "Wch U20"]
[Site "Graz"]
[Date "1978.??.??"]
[Round "4"]
[White "Seirawan, Yasser"]
[Black "Jussupow, Artur"]
[Result "0-1"]
[WhiteElo "2400"]
[BlackElo "2450"]

1.c4 e5 2.Nc3 Nf6 3.Nf3 Nc6 4.a3 g6 5.d3 Bg7 6.g3 O-O 7.Bg2 d6 8.O-O h6 9.Nd2 Be6
10.b4 Qd7 11.Re1 Bh3 12.Bh1 Rae8 13.b5 Nd8 14.Rb1 Ng4 15.Bb2 f5 16.Qa4 e4
17.dxe4 Nxf2 18.Qxa7 Nxh1 19.Kxh1 b6 20.Nd5 Bxb2 21.Rxb2 Ne6 22.exf5 Rxf5
23.Rb3 Nd4 24.Re3 Rxe3 25.Nxe3 Re5 26.Nd5 Qf7 27.Qb8+ Kg7 28.Nf4 Bf5 29.e4 g5
30.Nd5 Bxe4+ 31.Nxe4 Rxe4  0-1

[Event "Wch U20"]
[Site "Graz"]
[Date "1978.??.??"]
[Round "5"]
[White "Barbero, Gerardo F"]
[Black "Seirawan, Yasser"]
[Result "1-0"]
[WhiteElo "2200"]
[BlackElo "2400"]

1.Nf3 Nf6 2.g3 d5 3.Bg2 c6 4.O-O h6 5.b3 Bf5 6.Bb2 e6 7.d3 Be7 8.Nbd2 O-O
9.e3 a5 10.a4 Na6 11.Qe2 Nb4 12.Rac1 Bh7 13.Ne5 Nd7 14.Nxd7 Qxd7 15.Qg4 f6
16.e4 Bc5 17.Nf3 Qf7 18.Kh1 h5 19.Qh4 g5 20.Nxg5 fxg5 21.Qxg5+ Bg6 22.Qe5 Kh7
23.f4 Qe7 24.f5 exf5 25.exf5 Be8 26.Qf4 Qe3 27.Qh4 Qh6 28.Rce1 Bf7 29.Bc1 Qg7
30.Bh3 Rfe8 31.Rxe8 Rxe8 32.f6 Qf8 33.d4 Bd6 34.Bf5+ Kh8 35.Qg5 Rd8 36.g4 Na6
37.gxh5 Re8 38.h6  1-0

[Event "Wch U20"]
[Site "Graz"]
[Date "1978.??.??"]
[Round "6"]
[White "Seirawan, Yasser"]
[Black "Masculo, Jose"]
[Result "1/2-1/2"]
[WhiteElo "2400"]
[BlackElo "2200"]

1.c4 c5 2.Nc3 g6 3.g3 Bg7 4.Bg2 Nc6 5.a3 a6 6.Rb1 Rb8 7.Qa4 Nd4 8.e3 b5 9.cxb5 Nxb5
10.Nge2 Nf6 11.O-O O-O 12.b4 cxb4 13.axb4 d5 14.Bb2 Nxc3 15.Bxc3 Ne4 16.Bxg7 Kxg7
17.Rfd1 Qd6 18.Nf4 e5 19.Nxd5 Qxd5 20.Qc2 Bf5 21.d3 Rfc8 22.Qb2 Rd8 23.Qa1 Qb5
24.dxe4 Rxd1+ 25.Rxd1 Bg4 26.Bf1 Qxb4 27.Qxe5+ Kg8 28.Ra1 Bf3 29.Bg2 Be2
30.h3 Rd8 31.Bf1 Rd1 32.Rxd1 Bxd1 33.Bxa6 Bf3 34.Bf1 Qb1 35.Qb5 Qxe4 36.Qd3 Qa8
37.Qd4 Qc6 38.Qf4 h5 39.Kh2 Bh1 40.g4 hxg4 41.hxg4 Bd5 42.Kg3 Qc1 43.Qb8+ Kh7
44.Qe5 Be6 45.Bg2 Qg1 46.Qe4 Kg8 47.Qf3 Kg7 48.Qe2 Kf8 49.f4 Kg8 50.Qd2 Kh7
51.e4 Qc5 52.Bf3 Qg1+ 53.Kh4 Qc5 54.Kh3 Qg1 55.Qe2 Qc5 56.Qe1 Qa3 57.Kg3 Qc5
58.Kh3 Qh5+ 59.Kg3 Qc5 60.g5 Qd4 61.Bg4 Bc4 62.f5 Qe5+ 63.Kf3 gxf5 64.Bxf5+ Kg8
65.Qd2 Kg7 66.Kg4 Qa1 67.Qf2 Qd1+ 68.Kh4 Qh1+ 69.Kg3 Qa1 70.Qe3 Qe5+ 71.Kg4 Qb2
72.Qg3 Qd4 73.Kh4 Kf8 74.Qe1 Kg8 75.Kg4 Qd3 76.Qb4 Qf1 77.Qb8+ Kg7 78.Qb2+ Kg8
79.Kg3 Be2 80.Qb8+ Kg7 81.Qb6 Qf3+ 82.Kh2 Qf4+ 83.Kg2 Bf3+ 84.Kh3 Qxg5 85.Qd4+ Kg8
86.Qf2 Qh6+ 87.Kg3 Bh1 88.Qf4 Qg7+ 89.Qg4 Qxg4+ 90.Kxg4 Bxe4 91.Bxe4 f5+
92.Kxf5 Kh8 93.Kf6 Kg8 94.Bg6 Kh8 95.Kf7  1/2-1/2

[Event "Wch U20"]
[Site "Graz"]
[Date "1978.??.??"]
[Round "7"]
[White "Henttinen, Markku IO"]
[Black "Seirawan, Yasser"]
[Result "0-1"]
[WhiteElo "2200"]
[BlackElo "2400"]

1.d4 g6 2.c4 Bg7 3.Nc3 d6 4.e4 e5 5.Be3 Nc6 6.d5 Nce7 7.g4 f5 8.gxf5 gxf5
9.Qh5+ Kf8 10.Bh3 Nf6 11.Qe2 f4 12.Bd2 Ng6 13.Bxc8 Qxc8 14.Nf3 Bh6 15.O-O-O Rg8
16.h4 Kg7 17.c5 Kh8 18.cxd6 cxd6 19.Kb1 Qd7 20.Rc1 Rac8 21.Ne1 a6 22.Rc2 Bf8
23.Nf3 Bh6 24.Ne1 Qe7 25.Nd3 Nd7 26.Qh5 Bg7 27.Qf5 Bf6 28.h5 Nh4 29.Qe6 Nf3
30.Qxe7 Bxe7 31.Ne1 Nd4 32.Rc1 Bd8 33.Rd1 Bb6 34.Na4 Ba7 35.Bb4 b5 36.Nc3 Nc5
37.Bxc5 Rxc5 38.Nd3 Rc4 39.a3 a5 40.Rh3 Bb6 41.Nc1 Rg2 42.b3 Rc8 43.Rd2 Rg1
44.Nd1 Kg7 45.h6+ Kg6 46.Kb2 Kg5 47.Nd3 Kg4  0-1

[Event "Wch U20"]
[Site "Graz"]
[Date "1978.??.??"]
[Round "8"]
[White "Seirawan, Yasser"]
[Black "Morovic Fernandez, Ivan"]
[Result "1/2-1/2"]
[WhiteElo "2400"]
[BlackElo "2200"]

1.c4 Nf6 2.Nc3 g6 3.g3 Bg7 4.Bg2 O-O 5.d3 d6 6.Nf3 e5 7.O-O Nc6 8.Rb1 a5
9.a3 h6 10.b4 axb4 11.axb4 Be6 12.b5 Ne7 13.Nd2 c6 14.Qb3 d5 15.Ba3 Re8 16.Bc5 Nf5
17.Rfe1 Nd4 18.Qb2 b6 19.cxd5 Nxd5 20.Bxd4 exd4 21.Nxd5 cxd5 22.Rec1 Ra5
23.Ra1 Rxa1 24.Rxa1 Qd6 25.Nf3 Rc8  1/2-1/2

[Event "Wch U20"]
[Site "Graz"]
[Date "1978.??.??"]
[Round "9"]
[White "Mokry, Karel"]
[Black "Seirawan, Yasser"]
[Result "0-1"]
[WhiteElo "2310"]
[BlackElo "2400"]

1.e4 e6 2.d4 d5 3.e5 b6 4.c3 Qd7 5.a4 Ne7 6.a5 bxa5 7.Rxa5 c5 8.dxc5 Nec6
9.Ra2 Bxc5 10.f4 O-O 11.Nf3 f6 12.b4 Bb6 13.Nbd2 fxe5 14.b5 Ne7 15.Nxe5 Qc7
16.Ndf3 Nd7 17.Bd3 Nxe5 18.Nxe5 Qxc3+ 19.Bd2 Qc5 20.Rf1 g6 21.Qb1 Qd4 22.g4 Bc7
23.Ke2 Bb6 24.h4 Bb7 25.Qe1 Rac8 26.Qg3 Rc7 27.Qh3 Nc8 28.g5 Re7 29.h5 Nd6
30.hxg6 Nf5 31.Rh1 Rg7 32.Rh2 Qg1 33.gxh7+ Kh8 34.Rg2 Nd4+  0-1

[Event "Wch U20"]
[Site "Graz"]
[Date "1978.??.??"]
[Round "10"]
[White "Seirawan, Yasser"]
[Black "Morrison, Graham"]
[Result "1-0"]
[WhiteElo "2400"]
[BlackElo "2200"]

1.g3 Nf6 2.Bg2 g6 3.c4 Bg7 4.Nc3 O-O 5.d3 c5 6.a3 Nc6 7.Rb1 a5 8.e4 Ne8 9.Be3 d6
10.Nge2 Nc7 11.d4 cxd4 12.Nxd4 Ne5 13.b3 Ne6 14.Ndb5 f5 15.exf5 gxf5 16.Nd5 f4
17.gxf4 Ng6 18.Qd2 Nh4 19.Be4 Nc5 20.Bxc5 Bf5 21.Bxf5 Rxf5 22.Qe2 dxc5 23.Nxe7+ Kh8
24.Nxf5 Nxf5 25.O-O Qh4 26.Kh1 Qxf4 27.Rbe1 Rf8 28.Qe4 Qh6 29.Qg4 Nh4 30.Re6 Ng6
31.h3 Be5 32.Rg1 Rf4 33.Re8+ Kg7 34.Qd7+ Rf7 35.Re7 Rxe7 36.Qxe7+ Kg8 37.Qe8+  1-0

[Event "Wch U20"]
[Site "Graz"]
[Date "1978.??.??"]
[Round "11"]
[White "Seirawan, Yasser"]
[Black "Dolmatov, Sergey"]
[Result "1/2-1/2"]
[WhiteElo "2400"]
[BlackElo "2495"]

1.g3 d5 2.Bg2 e5 3.d3 c6 4.Nf3 Bd6 5.O-O Nf6 6.Nc3 O-O 7.e4 h6 8.Nh4 Bc5
9.Qe1 Re8 10.h3 Na6 11.Nf5 Nc7 12.g4 Ne6 13.Ne2 Kh7 14.Qc3 a5 15.a3 b6 16.Bd2 a4
17.b4 axb3 18.cxb3 dxe4 19.dxe4 Ba6 20.Rae1 Qd3 21.b4 Bd4 22.Qc1 Bb5 23.Nexd4 Nxd4
24.Nxg7 Nb3 25.Nxe8 Rxe8 26.Qd1 Nxd2 27.Re3 Qd4 28.Rfe1 Rd8 29.Qc1 Kg7 30.Rg3 Ndxe4
31.Rge3 Ng5 32.Rxe5 Qd2 33.Qa1 Qd4 34.a4 Qxa1 35.Rxa1 Bc4 36.a5 bxa5 37.bxa5 Nd5
38.a6 Ra8 39.a7 Ne6 40.Rc1 Bb5 41.Bxd5 cxd5 42.Rxd5 Nf4 43.Rxb5 Ne2+ 44.Kg2 Nxc1  1/2-1/2

[Event "Wch U20"]
[Site "Graz"]
[Date "1978.??.??"]
[Round "12"]
[White "Fries Nielsen, Jens Ove"]
[Black "Seirawan, Yasser"]
[Result "1-0"]
[WhiteElo "2300"]
[BlackElo "2400"]

1.Nf3 Nf6 2.b3 d5 3.e3 Bf5 4.Be2 h6 5.Ba3 Nbd7 6.O-O e6 7.Bxf8 Nxf8 8.c4 c6
9.Nc3 N8d7 10.d4 O-O 11.Rc1 Qe7 12.Qd2 Ne4 13.Qb2 Rfc8 14.Nxe4 Bxe4 15.Nd2 Bg6
16.b4 a5 17.bxa5 Rxa5 18.cxd5 exd5 19.Bg4 Rb5 20.Qxb5 cxb5 21.Rxc8+ Nf8 22.Rc5 b6
23.Rxb5 Bd3 24.Rxb6 Bxf1 25.Nxf1 Qa3 26.Bf3 Qxa2 27.Rb5 Qa6 28.Rxd5 Ne6 29.h4 g5
30.h5 Qd3 31.Re5 Ng7 32.Be4 Qd1 33.Bf3 Qb1 34.Be4 Qe1 35.Bd5 Nxh5 36.Rf5 Kg7
37.Rxf7+ Kg6 38.Rb7 Nf6 39.Bf7+ Kf5 40.Rb5+ Kg4 41.Be6+ Kh4 42.g3+ Kh5 43.Bf7+ Kg4
44.f3+ Kxf3 45.Rf5+ Ke2 46.Rxf6 Qb4 47.Rf2+ Ke1 48.Bh5 Qe7 49.Rd2  1-0

[Event "Wch U20"]
[Site "Graz"]
[Date "1978.??.??"]
[Round "13"]
[White "Seirawan, Yasser"]
[Black "Van der Wiel, John TH"]
[Result "0-1"]
[WhiteElo "2400"]
[BlackElo "2200"]

1.c4 g6 2.Nc3 Bg7 3.g3 Nf6 4.Bg2 O-O 5.d3 d6 6.Rb1 Nc6 7.Nf3 Nh5 8.O-O f5
9.Nd2 a6 10.a3 Rb8 11.e3 Kh8 12.d4 e5 13.d5 Ne7 14.b4 c6 15.Bb2 Nf6 16.Nb3 cxd5
17.cxd5 h5 18.Qd2 h4 19.gxh4 f4 20.exf4 Bh6 21.Qe1 Bxf4 22.Ne2 Nh5 23.Nxf4 Nxf4
24.Qd2 Kh7 25.Kh1 Nf5 26.Rg1 Qxh4 27.Rbc1 Rh8 28.Bf1 Qxh2+ 29.Kxh2 Kg7+  0-1